000
00300nam a2200133Ia 4500
008
221030s9999 xx 000 0 und d
041
_a
English
082
_a
105.23
100
_a
R S Kaplan
245
0
_a
Advanced Management Accounting
_c
by R S Kaplan
260
_c
0
650
_a
Mc
942
_c
BK
999
_c
11246
_d
11246